[Event "Chesterfield SPICE Cup op"]
[Site "Chesterfield"]
[Date "2020.10.25"]
[Round "9"]
[White "Park, Evan"]
[Black "Krykun, Yuriy"]
[Result "1/2-1/2"]
[WhiteElo "2146"]
[BlackElo "2371"]
[PlyCount "87"]
[EventDate "2020.10.20"]
[EventType "swiss"]
[EventRounds "9"]
[EventCountry "USA"]
[SourceTitle "EXT 2022"]
[Source "ChessBase"]
[SourceDate "2021.10.06"]
[SourceVersion "1"]
[SourceVersionDate "2021.10.06"]
[SourceQuality "1"]

1. e4 c6 2. d4 d5 3. Nc3 dxe4 4. Nxe4 Nf6 5. Nxf6+ exf6 6. c3 Bd6 7. Bd3 0-0 8. Qc2 Re8+ 9. Ne2 h5 10. Be3 Nd7 11. 0-0-0 Nf8 12. Kb1 Be6 13. c4 b5 14. d5 cxd5 15. c5 Be5 16. f4 Bc7 17. Bxb5 Re7 18. Nd4 Bd7 19. Rhe1 Re4 20. Bd3 Re8 21. Bd2 Rxe1 22. Rxe1 Rc8 23. Ba6 Rb8 24. c6 Bc8 25. Be2 Ne6 26. Nxe6 Bxe6 27. f5 Bc8 28. Bd3 Rb6 29. Ba5 Rxb2+ 30. Qxb2 Bxa5 31. Re2 Bc7 32. Qa3 Be5 33. Qxa7 Qd6 34. Qb6 Qa3 35. Qb3 Qc5 36. Rc2 Qd4 37. Rc1 Kh7 38. a4 Kh6 39. Ka2 Qf2+ 40. Rc2 Qe1 41. Qb1 Qa5 42. Qb5 Qe1 43. Qb1 Qa5 44. Qb5 1/2-1/2

[Event "Chesterfield SPICE Cup op"]
[Site "Chesterfield"]
[Date "2020.10.20"]
[Round "1"]
[White "Lu, Ming"]
[Black "Krykun, Yuriy"]
[Result "1/2-1/2"]
[WhiteElo "2084"]
[BlackElo "2371"]
[PlyCount "102"]
[EventDate "2020.10.20"]
[EventType "swiss"]
[EventRounds "9"]
[EventCountry "USA"]
[SourceTitle "EXT 2022"]
[Source "ChessBase"]
[SourceDate "2021.10.06"]
[SourceVersion "1"]
[SourceVersionDate "2021.10.06"]
[SourceQuality "1"]

1. c4 b6 2. d4 Bb7 3. Nc3 Nf6 4. Qc2 d5 5. cxd5 Nxd5 6. e4 Nxc3 7. bxc3 e6 8. Nf3 Be7 9. Bd3 c5 10. 0-0 cxd4 11. cxd4 0-0 12. Bb2 Nc6 13. Qe2 Nb4 14. Bc4 Rc8 15. Rac1 Rxc4 16. Qxc4 Bxe4 17. Ne5 Bd5 18. Qc7 Nxa2 19. Qxd8 Bxd8 20. Rc8 b5 21. Nc6 Bxc6 22. Rxc6 Bb6 23. Ba3 b4 24. Ra1 bxa3 25. Rxa2 Bxd4 26. Rxa3 g6 27. g3 Bb6 28. Rd3 Rb8 29. Kg2 Rb7 30. h4 h5 31. Rd2 Kg7 32. Rd3 e5 33. Rd2 Bd4 34. Ra2 Rb3 35. Rca6 Bb6 36. R2a3 Rb5 37. Kf3 Rb2 38. Ra2 Rb3+ 39. Kg2 Kf6 40. Rc2 Rd3 41. Ra4 Rd6 42. Re2 Rd5 43. Rc4 Kg7 44. Rc6 Rb5 45. Rd6 a5 46. Rd7 Bd4 47. f4 a4 48. fxe5 Bxe5 49. Rf2 Bf6 50. Ra7 Rb4 51. Ra2 Rb2+ 1/2-1/2

[Event "Titled Tuesday intern op 28th Apr"]
[Site "Chess.com INT"]
[Date "2020.04.28"]
[Round "2"]
[White "Voiteanu, Christian Gabriel"]
[Black "Krykun, Yuriy"]
[Result "1-0"]
[WhiteElo "2121"]
[BlackElo "2371"]
[PlyCount "49"]
[EventDate "2020.04.28"]
[EventType "swiss (blitz)"]
[EventRounds "10"]
[EventCountry "USA"]
[SourceTitle "EXT 2021"]
[Source "ChessBase"]
[SourceDate "2020.10.23"]
[SourceVersion "1"]
[SourceVersionDate "2020.10.23"]
[SourceQuality "1"]

1. d4 Nf6 2. c4 e6 3. Nf3 Bb4+ 4. Bd2 a5 5. Qc2 b6 6. Nc3 Bb7 7. e3 0-0 8. Bd3 d6 9. a3 Bxc3 10. Bxc3 Nbd7 11. 0-0-0 Qe7 12. h4 e5 13. Ng5 h6 14. Nh7 e4 15. Nxf6+ Nxf6 16. Be2 c5 17. g4 h5 18. g5 Ng4 19. Bxg4 hxg4 20. Qe2 Qe6 21. d5 Qf5 22. Rdg1 Qf3 23. Qxf3 gxf3 24. h5 Ba6 25. h6 1-0

[Event "Pan American Intercollegiate-chT"]
[Site "Charlotte"]
[Date "2019.12.30"]
[Round "6.3"]
[White "Repka, Christopher"]
[Black "Krykun, Yuriy"]
[Result "1/2-1/2"]
[WhiteElo "2485"]
[BlackElo "2352"]
[PlyCount "89"]
[EventDate "2019.12.27"]
[EventType "team-swiss"]
[EventRounds "6"]
[EventCountry "USA"]
[SourceTitle "CBM 194 Extra"]
[Source "ChessBase"]
[SourceDate "2020.03.31"]
[SourceVersion "1"]
[SourceVersionDate "2020.03.31"]
[SourceQuality "1"]
[WhiteTeam "Mizzou"]
[BlackTeam "Webster Univ III"]
[WhiteTeamCountry "USA"]
[BlackTeamCountry "USA"]

1. d4 Nf6 2. Nf3 e6 3. c4 b6 4. g3 Bb7 5. Bg2 Be7 6. 0-0 0-0 7. Nc3 Ne4 8. Bd2 d6 9. d5 Nxd2 10. Qxd2 e5 11. e4 Nd7 12. Ne1 Bg5 13. Qe2 Bh6 14. Nd3 Nc5 15. Nxc5 bxc5 16. a4 Bc8 17. a5 Rb8 18. Rfb1 Qg5 19. a6 Bd7 20. Nb5 Bxb5 21. cxb5 Qd2 22. Bf1 f5 23. exf5 Rxf5 24. Rd1 Qb4 25. Bh3 Rf6 26. Bd7 Rbf8 27. Rf1 g6 28. Qc2 Rf3 29. Ra4 Qb3 30. Rc4 Kg7 31. Kg2 Qxc2 32. Rxc2 Rb3 33. Re1 Rf7 34. Bc6 Rff3 35. Re4 Rf7 36. Be8 Rf8 37. Bc6 Rf7 38. Re1 Bg5 39. Be8 Rf8 40. Bc6 h5 41. Re4 Bh6 42. h4 Rf6 43. Rce2 Bc1 44. Re1 Rxb2 45. Rxc1 1/2-1/2

[Event "Saint Louis Winter-B"]
[Site "Saint Louis"]
[Date "2019.11.25"]
[Round "8"]
[White "Proleiko, Julian"]
[Black "Krykun, Yuriy"]
[Result "1-0"]
[WhiteElo "2170"]
[BlackElo "2382"]
[PlyCount "101"]
[EventDate "2019.11.21"]
[EventType "tourn"]
[EventRounds "9"]
[EventCountry "USA"]
[EventCategory "3"]
[SourceTitle "EXT 2021"]
[Source "ChessBase"]
[SourceDate "2020.10.23"]
[SourceVersion "1"]
[SourceVersionDate "2020.10.23"]
[SourceQuality "1"]

1. e4 e5 2. Nc3 Nf6 3. g3 d5 4. exd5 Nxd5 5. Bg2 Nxc3 6. bxc3 Bd6 7. Nf3 0-0 8. 0-0 Nd7 9. Re1 Re8 10. d4 exd4 11. Rxe8+ Qxe8 12. cxd4 Nf6 13. Bg5 Ne4 14. Be3 c6 15. Qd3 Nf6 16. Bg5 Be6 17. Bxf6 gxf6 18. Nh4 Rd8 19. Be4 h6 20. Re1 Bf8 21. c3 Qd7 22. Bh7+ Kh8 23. Bf5 c5 24. Bxe6 fxe6 25. Ng6+ Kg8 26. Nf4 e5 27. Qg6+ Qg7 28. dxe5 fxe5 29. Qe6+ Qf7 30. Qg4+ Qg7 31. Qxg7+ Bxg7 32. Ne6 Re8 33. Nxc5 b6 34. Ne4 Rc8 35. Rb1 Rc7 36. Kf1 Kf7 37. Ke2 Ke6 38. f3 Bf8 39. Kd3 Rf7 40. Rf1 b5 41. Ke3 Rc7 42. Rb1 a6 43. a4 bxa4 44. Rb6+ Kf7 45. Rf6+ Kg7 46. Rxa6 a3 47. Kd3 Rf7 48. Nd2 Be7 49. Ke4 Rf6 50. Ra7 Kf8 51. Nc4 1-0

[Event "Saint Louis Winter-B"]
[Site "Saint Louis"]
[Date "2019.11.24"]
[Round "6"]
[White "Krykun, Yuriy"]
[Black "Grabinsky, Aaron"]
[Result "1/2-1/2"]
[WhiteElo "2382"]
[BlackElo "2338"]
[PlyCount "80"]
[EventDate "2019.11.21"]
[EventType "tourn"]
[EventRounds "9"]
[EventCountry "USA"]
[EventCategory "3"]
[SourceTitle "EXT 2021"]
[Source "ChessBase"]
[SourceDate "2020.10.23"]
[SourceVersion "1"]
[SourceVersionDate "2020.10.23"]
[SourceQuality "1"]

1. Nf3 c5 2. c4 Nc6 3. Nc3 Nf6 4. g3 g6 5. Bg2 Bg7 6. d4 cxd4 7. Nxd4 Qb6 8. Nb3 0-0 9. 0-0 d6 10. Bg5 Be6 11. Nd5 Bxd5 12. cxd5 Ne5 13. e4 Rfc8 14. Qe2 a5 15. Rac1 a4 16. Be3 Qb4 17. Bd2 Qb6 18. Be3 Qa6 19. Qxa6 bxa6 20. Na5 Nd3 21. Rxc8+ Rxc8 22. Nc6 Rc7 23. b3 axb3 24. axb3 Ng4 25. Bg5 Kf8 26. Bf3 Nge5 27. Nxe5 Nxe5 28. Be2 Rb7 29. Rc1 f5 30. exf5 gxf5 31. Bxa6 Rxb3 32. Kg2 h6 33. Be3 Ng4 34. Bc8 Nxe3+ 35. fxe3 Rxe3 36. Bxf5 Bf6 37. Be6 Kg7 38. Rf1 h5 39. Rf3 Rxf3 40. Kxf3 h4 1/2-1/2

[Event "Saint Louis Winter-B"]
[Site "Saint Louis"]
[Date "2019.11.23"]
[Round "4"]
[White "Krykun, Yuriy"]
[Black "Gauri, Shankar"]
[Result "1-0"]
[WhiteElo "2382"]
[BlackElo "2340"]
[PlyCount "125"]
[EventDate "2019.11.21"]
[EventType "tourn"]
[EventRounds "9"]
[EventCountry "USA"]
[EventCategory "3"]
[SourceTitle "EXT 2021"]
[Source "ChessBase"]
[SourceDate "2020.10.23"]
[SourceVersion "1"]
[SourceVersionDate "2020.10.23"]
[SourceQuality "1"]

1. Nf3 Nf6 2. c4 b6 3. g3 c5 4. Bg2 Bb7 5. 0-0 g6 6. b3 Bg7 7. Bb2 0-0 8. d4 cxd4 9. Qxd4 d6 10. Nc3 Nbd7 11. Qd2 a6 12. Rfd1 Rc8 13. Nd4 Bxg2 14. Kxg2 Qc7 15. f3 Qb7 16. e4 Rfd8 17. Rac1 e6 18. Qe2 h5 19. Ba3 Ne5 20. f4 Nc6 21. Nf3 Qb8 22. Rc2 Na5 23. Rcd2 Ne8 24. e5 dxe5 25. Rxd8 Rxd8 26. Rxd8 Qxd8 27. Nxe5 Nf6 28. Bb4 Ng4 29. Nxg4 hxg4 30. Bxa5 bxa5 31. Ne4 Qa8 32. Kf1 f5 33. Nf2 Qc6 34. Qd3 Bf8 35. h3 gxh3 36. Nxh3 Qh1+ 37. Ng1 Qh2 38. Qe3 Kf7 39. Nf3 Qh1+ 40. Kf2 Be7 41. c5 Qa1 42. Nd4 Qxa2+ 43. Kf3 Qb1 44. Qxe6+ Kf8 45. Qc4 Qh1+ 46. Ke2 Qg2+ 47. Kd1 Qxg3 48. c6 Qg1+ 49. Kc2 Qf2+ 50. Kb1 Qe1+ 51. Ka2 Bd6 52. c7 Qd2+ 53. Nc2 Bxc7 54. Qxc7 a4 55. bxa4 g5 56. fxg5 Qxg5 57. Qc8+ Kf7 58. Qb7+ Kg6 59. Qxa6+ Kh5 60. Qe2+ Kh6 61. Nd4 Qf4 62. Qe6+ Kg5 63. Qxf5+ 1-0

[Event "Saint Louis Winter-B"]
[Site "Saint Louis"]
[Date "2019.11.21"]
[Round "1"]
[White "Torres Rosas, Luis Carlos"]
[Black "Krykun, Yuriy"]
[Result "1-0"]
[WhiteElo "2360"]
[BlackElo "2382"]
[PlyCount "71"]
[EventDate "2019.11.21"]
[EventType "tourn"]
[EventRounds "9"]
[EventCountry "USA"]
[EventCategory "3"]
[SourceTitle "EXT 2021"]
[Source "ChessBase"]
[SourceDate "2020.10.23"]
[SourceVersion "1"]
[SourceVersionDate "2020.10.23"]
[SourceQuality "1"]

1. d4 Nf6 2. c4 e6 3. Nf3 d5 4. Nc3 dxc4 5. e3 a6 6. a4 c5 7. Bxc4 Nc6 8. 0-0 Be7 9. Qe2 cxd4 10. Rd1 e5 11. exd4 exd4 12. Ne5 0-0 13. Bf4 Na5 14. Ba2 Bf5 15. Nxf7 Rxf7 16. Qe5 Bd7 17. Qxd4 Bg4 18. Qe5 Bxd1 19. Rxd1 Qf8 20. Qxa5 Rd8 21. Qb6 Rxd1+ 22. Nxd1 Qd8 23. Qxd8+ Bxd8 24. Ne3 g6 25. Bh6 Bb6 26. Be6 Ne4 27. a5 Bd4 28. b3 Nc5 29. Bc4 Bg7 30. Bf4 Bc3 31. Ng4 Kg7 32. Bh6+ Kg8 33. Be3 Nd7 34. Nh6+ Kf8 35. Nxf7 Bxa5 36. Ng5 1-0

[Event "Riga Tech op-A"]
[Site "Riga"]
[Date "2019.08.06"]
[Round "3"]
[White "Theodorou, Nikolas"]
[Black "Krykun, Yuriy"]
[Result "1-0"]
[WhiteElo "2548"]
[BlackElo "2360"]
[PlyCount "69"]
[EventDate "2019.08.05"]
[EventType "swiss"]
[EventRounds "9"]
[EventCountry "LAT"]
[SourceTitle "CBM 191 Extra"]
[Source "ChessBase"]
[SourceDate "2019.09.30"]
[SourceVersion "1"]
[SourceVersionDate "2019.09.30"]
[SourceQuality "1"]

1. d4 Nf6 2. c4 e6 3. g3 d5 4. Bg2 Bb4+ 5. Bd2 Bd6 6. Nf3 0-0 7. 0-0 Nbd7 8. Bc3 Ne4 9. Nbd2 f5 10. Nxe4 fxe4 11. Nd2 Nf6 12. e3 c6 13. f3 exf3 14. Nxf3 b6 15. Nd2 c5 16. cxd5 Nxd5 17. Qh5 g6 18. Qxd5 Rxf1+ 19. Rxf1 exd5 20. Bxd5+ Kg7 21. dxc5+ Be5 22. Bxe5+ Kh6 23. e4 Be6 24. Bxe6 Qe7 25. Bc3 Qxc5+ 26. Kg2 Rf8 27. Nf3 b5 28. a3 a5 29. Rf2 b4 30. axb4 axb4 31. Bd4 Qc1 32. h4 Re8 33. Ng5 Kh5 34. g4+ Kxh4 35. Nf3# 1-0

[Event "Panevezys Elite op"]
[Site "Panevezys"]
[Date "2019.06.26"]
[Round "4"]
[White "Krykun, Yuriy"]
[Black "Harshita, Guddanti"]
[Result "1-0"]
[WhiteElo "2342"]
[BlackElo "2072"]
[PlyCount "85"]
[EventDate "2019.06.24"]
[EventType "swiss"]
[EventRounds "9"]
[EventCountry "LTU"]
[SourceTitle "CBM 191 Extra"]
[Source "ChessBase"]
[SourceDate "2019.09.30"]
[SourceVersion "1"]
[SourceVersionDate "2019.09.30"]
[SourceQuality "1"]

1. c4 Nf6 2. Nc3 e6 3. e4 d5 4. e5 d4 5. exf6 dxc3 6. bxc3 Qxf6 7. Nf3 Qd8 8. d4 Be7 9. Bd3 Nd7 10. 0-0 0-0 11. Bc2 Re8 12. Qd3 g6 13. Bf4 Bf6 14. Rfe1 b6 15. Qe3 Ba6 16. Bb3 c5 17. Rad1 Qc8 18. Qc1 Bb7 19. Ne5 Nxe5 20. Bxe5 Bxe5 21. dxe5 Rd8 22. Qg5 Qc7 23. h4 Rd7 24. Rxd7 Qxd7 25. Rd1 Qc6 26. f3 h5 27. Rd6 Qe8 28. Bc2 Bc6 29. Kf2 Rc8 30. g4 hxg4 31. fxg4 Qf8 32. h5 Be8 33. Ke3 f6 34. Qxf6 Qh6+ 35. g5 Qxh5 36. Qxe6+ Kf8 37. Qxc8 Qxg5+ 38. Kf3 Qxe5 39. Qe6 Qh5+ 40. Qg4 Qh1+ 41. Qg2 Qh5+ 42. Kf2 Ke7 43. Rd3 1-0

[Event "Panevezys Elite op"]
[Site "Panevezys"]
[Date "2019.06.25"]
[Round "2"]
[White "Krykun, Yuriy"]
[Black "Badelka, Olga"]
[Result "1/2-1/2"]
[WhiteElo "2342"]
[BlackElo "2391"]
[PlyCount "41"]
[EventDate "2019.06.24"]
[EventType "swiss"]
[EventRounds "9"]
[EventCountry "LTU"]
[SourceTitle "CBM 191 Extra"]
[Source "ChessBase"]
[SourceDate "2019.09.30"]
[SourceVersion "1"]
[SourceVersionDate "2019.09.30"]
[SourceQuality "1"]

1. c4 Nf6 2. Nc3 e6 3. Nf3 d5 4. e3 c5 5. cxd5 exd5 6. Bb5+ Nc6 7. d4 Be7 8. dxc5 Bxc5 9. 0-0 0-0 10. b3 a6 11. Bxc6 bxc6 12. Bb2 Bg4 13. Rc1 Bd6 14. Ne2 Bxf3 15. gxf3 Rc8 16. Ng3 Re8 17. f4 Bf8 18. Qd3 a5 19. Rc2 Ne4 20. Rfc1 Qd7 21. Kg2 1/2-1/2

[Event "EU-ch 20th"]
[Site "Skopje"]
[Date "2019.03.20"]
[Round "3"]
[White "Krykun, Yuriy"]
[Black "Thybo, Jesper Sondergaard"]
[Result "0-1"]
[WhiteElo "2342"]
[BlackElo "2525"]
[PlyCount "78"]
[EventDate "2019.03.18"]
[EventType "swiss"]
[EventRounds "11"]
[EventCountry "MKD"]
[SourceTitle "CBM 189"]
[Source "ChessBase"]
[SourceDate "2019.04.29"]
[SourceVersion "1"]
[SourceVersionDate "2019.04.29"]
[SourceQuality "1"]

1. d4 Nf6 2. c4 e6 3. Nc3 Bb4 4. Qc2 d5 5. cxd5 exd5 6. Bg5 h6 7. Bh4 Nc6 8. e3 g5 9. Bg3 h5 10. Bd3 Qe7 11. a3 Bxc3+ 12. Qxc3 h4 13. Be5 Nxe5 14. dxe5 Ne4 15. Qd4 Nc5 16. Bc2 c6 17. Ne2 b6 18. b4 Ne6 19. Qc3 c5 20. Ba4+ Kf8 21. Bc6 Bb7 22. Bxb7 Qxb7 23. h3 d4 24. exd4 cxd4 25. Qf3 Qxf3 26. gxf3 d3 27. Nc3 Nd4 28. 0-0-0 Nxf3 29. Rxd3 Nxe5 30. Rd5 Re8 31. Nb5 Rh6 32. Nxa7 Rf6 33. Rg1 Nf3 34. Rgd1 Re2 35. Rd6 Rxd6 36. Rxd6 g4 37. hxg4 h3 38. Rh6 h2 39. Nc8 Re6 0-1

[Event "EU-ch 20th"]
[Site "Skopje"]
[Date "2019.03.18"]
[Round "1"]
[White "Krykun, Yuriy"]
[Black "Onischuk, Vladimir"]
[Result "1/2-1/2"]
[WhiteElo "2342"]
[BlackElo "2626"]
[PlyCount "99"]
[EventDate "2019.03.18"]
[EventType "swiss"]
[EventRounds "11"]
[EventCountry "MKD"]
[SourceTitle "CBM 189"]
[Source "ChessBase"]
[SourceDate "2019.04.29"]
[SourceVersion "1"]
[SourceVersionDate "2019.04.29"]
[SourceQuality "1"]

1. Nf3 g6 2. g3 Bg7 3. d4 Nf6 4. Bg2 0-0 5. 0-0 d6 6. c4 Nbd7 7. Nc3 e5 8. e4 c6 9. Be3 Re8 10. h3 b6 11. Qc2 Bb7 12. Rfd1 Qc7 13. Rac1 Rad8 14. d5 a6 15. Ne1 Rc8 16. Nd3 a5 17. Qd2 Ba6 18. dxc6 Qxc6 19. b3 Qa8 20. a4 Bf8 21. Bg5 Be7 22. Rc2 Bb7 23. f3 Nh5 24. Bxe7 Rxe7 25. Kh2 Bc6 26. h4 Ng7 27. Nd5 Bxd5 28. cxd5 Nc5 29. Rc3 f5 30. Nb2 Rf8 31. Nc4 Qd8 32. exf5 Nxf5 33. Re1 Ref7 34. f4 Nxh4 35. gxh4 Rxf4 36. Rh3 Rxh4 37. Qe3 Rhf4 38. Nd2 Kg7 39. Ne4 h5 40. Rg1 Rg4 41. Bf3 Rxg1 42. Kxg1 Rf4 43. Nxc5 bxc5 44. Be2 Qg5+ 45. Rg3 Qf5 46. Rf3 Re4 47. Qf2 Rf4 48. Rxf4 exf4 49. Bf3 Qe5 50. Kg2 1/2-1/2

[Event "Lvov Title Chase Winter GM"]
[Site "Lvov"]
[Date "2019.02.14"]
[Round "7"]
[White "Krykun, Yuriy"]
[Black "Galperin, Platon"]
[Result "1/2-1/2"]
[WhiteElo "2335"]
[BlackElo "2439"]
[PlyCount "32"]
[EventDate "2019.02.11"]
[EventType "tourn"]
[EventRounds "9"]
[EventCountry "UKR"]
[EventCategory "8"]
[SourceTitle "CBM 188 Extra"]
[Source "ChessBase"]
[SourceDate "2019.02.26"]
[SourceVersion "1"]
[SourceVersionDate "2019.02.26"]
[SourceQuality "1"]

1. d4 Nf6 2. c4 e6 3. Nc3 Bb4 4. e3 0-0 5. Nge2 c5 6. a3 Bxc3+ 7. Nxc3 cxd4 8. Qxd4 Nc6 9. Qd6 Ne8 10. Qd1 Nc7 11. Qd6 Ne8 12. Qg3 Nf6 13. Qd6 Ne8 14. Qd2 Nc7 15. Qd6 Ne8 16. Qd1 Nc7 1/2-1/2

[Event "Lvov Title Chase Winter GM"]
[Site "Lvov"]
[Date "2019.02.13"]
[Round "4"]
[White "Vovk, Yuri"]
[Black "Krykun, Yuriy"]
[Result "1-0"]
[WhiteElo "2573"]
[BlackElo "2335"]
[PlyCount "79"]
[EventDate "2019.02.11"]
[EventType "tourn"]
[EventRounds "9"]
[EventCountry "UKR"]
[EventCategory "8"]
[SourceTitle "CBM 188 Extra"]
[Source "ChessBase"]
[SourceDate "2019.02.26"]
[SourceVersion "1"]
[SourceVersionDate "2019.02.26"]
[SourceQuality "1"]

1. e4 e5 2. Nf3 Nc6 3. Bb5 a6 4. Ba4 Nf6 5. 0-0 Be7 6. d3 b5 7. Bb3 d6 8. a3 Na5 9. Ba2 c5 10. Bg5 Be6 11. Nc3 0-0 12. b4 Nc6 13. Bxf6 Bxf6 14. Nd5 a5 15. bxc5 dxc5 16. a4 b4 17. Nd2 Bg5 18. Nc4 Kh8 19. Nde3 Re8 20. Nd2 Bxa2 21. Rxa2 Kg8 22. Nb3 Bxe3 23. fxe3 Qe7 24. Ra1 Nb8 25. Qh5 Nd7 26. Rf3 c4 27. dxc4 Rec8 28. Raf1 f6 29. Rh3 g6 30. Qe2 Qe6 31. Rd1 Nc5 32. Nxc5 Rxc5 33. Rd5 Rac8 34. Qd3 R5c6 35. Rf3 R8c7 36. Rxa5 Qxc4 37. Qd8+ Kg7 38. Ra8 Rc8 39. Ra7+ R6c7 40. Qxc8 1-0

[Event "Lvov Title Chase Winter GM"]
[Site "Lvov"]
[Date "2019.02.12"]
[Round "3"]
[White "Krykun, Yuriy"]
[Black "Jarmula, Lukasz"]
[Result "0-1"]
[WhiteElo "2335"]
[BlackElo "2483"]
[PlyCount "118"]
[EventDate "2019.02.11"]
[EventType "tourn"]
[EventRounds "9"]
[EventCountry "UKR"]
[EventCategory "8"]
[SourceTitle "CBM 188 Extra"]
[Source "ChessBase"]
[SourceDate "2019.02.26"]
[SourceVersion "1"]
[SourceVersionDate "2019.02.26"]
[SourceQuality "1"]

1. d4 Nf6 2. c4 g6 3. Nc3 Bg7 4. e4 d6 5. Nf3 0-0 6. Be2 e5 7. Be3 Ng4 8. Bg5 f6 9. Bc1 f5 10. dxe5 Nxe5 11. exf5 Bxf5 12. Nd4 Nd3+ 13. Bxd3 Bxd4 14. Bxf5 Bxc3+ 15. bxc3 Rxf5 16. 0-0 Nd7 17. Be3 b6 18. Bd4 Qe7 19. Qa4 Nc5 20. Qc6 Re8 21. g3 Qd7 22. Qg2 Qe6 23. Qc6 Qd7 24. Qg2 Ref8 25. f4 Ne6 26. Rae1 g5 27. Qh3 Qf7 28. Qh6 Nxd4 29. cxd4 Qxc4 30. Re7 Qxd4+ 31. Rf2 R5f7 32. Qxg5+ Rg7 33. Rxg7+ Qxg7 34. Qd5+ Kh8 35. Re2 Rxf4 36. Re8+ Rf8 37. Rxf8+ Qxf8 38. Qb7 Qd8 39. Qxa7 d5 40. Kf2 d4 41. Ke2 Qe7+ 42. Kd1 Kg7 43. Qb7 Qe5 44. Qf3 Qe6 45. Qf4 c5 46. Qg5+ Kf7 47. Qh5+ Kg8 48. Qg5+ Kf8 49. h4 Ke8 50. Qf4 Kd7 51. Qb8 Kc6 52. a4 Kd5 53. Qa8+ Kc4 54. Qa6+ Kc3 55. Qb7 d3 56. Qf3 Qb3+ 57. Ke1 Qxa4 58. g4 Qd4 59. Qg2 d2+ 0-1

[Event "LAT President's blitz Cup"]
[Site "Riga"]
[Date "2019.01.26"]
[Round "11"]
[White "Laurusas, Tomas"]
[Black "Krykun, Yuriy"]
[Result "1-0"]
[WhiteElo "2495"]
[BlackElo "2335"]
[PlyCount "115"]
[EventDate "2019.01.26"]
[EventType "swiss (blitz)"]
[EventRounds "13"]
[EventCountry "LAT"]
[SourceTitle "CBM 188 Extra"]
[Source "ChessBase"]
[SourceDate "2019.02.26"]
[SourceVersion "1"]
[SourceVersionDate "2019.02.26"]
[SourceQuality "1"]

1. d4 Nf6 2. c4 e6 3. Nf3 d5 4. Bg5 Be7 5. Nc3 Nbd7 6. e3 h6 7. Bh4 0-0 8. Rc1 c5 9. dxc5 dxc4 10. c6 bxc6 11. Bxc4 Nb6 12. Be2 c5 13. 0-0 Bb7 14. Ne5 Nfd5 15. Bg3 Nxc3 16. Rxc3 Qxd1 17. Rxd1 Rfd8 18. Rcc1 Rxd1+ 19. Rxd1 Rd8 20. Rxd8+ Bxd8 21. Nd3 Bd5 22. Nc1 Bf6 23. b3 c4 24. bxc4 Bxc4 25. Kf1 Kf8 26. Bb8 a6 27. Ba7 Bxe2+ 28. Kxe2 Nd5 29. Kd3 Ke7 30. Kc4 Kd7 31. Nd3 Kc6 32. e4 Nc7 33. Bc5 Nb5 34. e5 Bd8 35. Bf8 g6 36. Bxh6 Na3+ 37. Kb3 Nb5 38. Be3 Be7 39. Kc4 Na3+ 40. Kb3 Nb5 41. a4 Nc7 42. Kc4 Nd5 43. Bd4 Bg5 44. g3 Bd2 45. h4 Ne7 46. g4 Nd5 47. h5 gxh5 48. gxh5 Ne7 49. Bc3 Bh6 50. Nb4+ Kb7 51. Nd3 Kc6 52. Nc5 Nd5 53. Nxa6 Nxc3 54. Kxc3 Bf4 55. Kd4 Bh2 56. Nb4+ Kb6 57. Nd3 Bf4 58. Nxf4 1-0

[Event "Riga Termo Eko Cup 13th"]
[Site "Riga"]
[Date "2018.12.25"]
[Round "8"]
[White "Krykun, Yuriy"]
[Black "Kononenko, Dmitry1111"]
[Result "1-0"]
[WhiteElo "2323"]
[BlackElo "2220"]
[PlyCount "110"]
[EventDate "2018.12.21"]
[EventType "swiss"]
[EventRounds "9"]
[EventCountry "LAT"]
[SourceTitle "CBM 188 Extra"]
[Source "ChessBase"]
[SourceDate "2019.02.26"]
[SourceVersion "1"]
[SourceVersionDate "2019.02.26"]
[SourceQuality "1"]

1. Nf3 Nf6 2. c4 c5 3. Nc3 g6 4. e4 Bg7 5. d4 cxd4 6. Nxd4 0-0 7. Be2 Nc6 8. Be3 Nxd4 9. Bxd4 d6 10. 0-0 Nd7 11. Bxg7 Kxg7 12. Qd4+ f6 13. Rad1 a6 14. f4 Qb6 15. Nd5 Qxd4+ 16. Rxd4 e5 17. Rdd1 Nc5 18. Nb6 Rb8 19. Nxc8 Rbxc8 20. Rxd6 Nxe4 21. Rd7+ Rf7 22. Rfd1 Rc7 23. Rxc7 Rxc7 24. fxe5 fxe5 25. Rd3 Kf6 26. b4 a5 27. bxa5 h5 28. Rb3 Nc5 29. Rb6+ Kf5 30. Kf2 Ke4 31. Rd6 Rf7+ 32. Bf3+ Kf4 33. g3+ Kf5 34. Ke3 Rc7 35. h4 e4 36. Bg2 g5 37. Rd5+ Kf6 38. Rxg5 Ne6 39. Rxh5 Ng7 40. Rh6+ Ke5 41. Bxe4 Rxc4 42. Bd3 Rc3 43. Rb6 Ra3 44. Rb5+ Kf6 45. g4 Ne6 46. g5+ Ke7 47. h5 Rxa2 48. Rxb7+ Kf8 49. a6 Nc5 50. h6 Ra3 51. Rb8+ Ke7 52. h7 Rxd3+ 53. Ke2 Rh3 54. a7 Rh2+ 55. Kf3 Nd7 1-0

[Event "Vilnius Zavanelli Memorial op-A"]
[Site "Vilnius"]
[Date "2018.10.26"]
[Round "7"]
[White "Krykun, Yuriy"]
[Black "Krustkalns, Kristaps"]
[Result "1-0"]
[WhiteElo "2326"]
[BlackElo "2155"]
[PlyCount "57"]
[EventDate "2018.10.22"]
[EventType "swiss"]
[EventRounds "9"]
[EventCountry "LTU"]
[SourceTitle "CBM 187 Extra"]
[Source "ChessBase"]
[SourceDate "2018.11.04"]
[SourceVersion "1"]
[SourceVersionDate "2018.11.04"]
[SourceQuality "1"]

1. Nf3 f5 2. d3 d6 3. e4 e5 4. Nc3 c5 5. g3 Be7 6. Bh3 fxe4 7. Bxc8 Qxc8 8. dxe4 Nc6 9. Nd5 Qd7 10. 0-0 Nf6 11. Nxf6+ Bxf6 12. c3 0-0 13. Be3 b6 14. Kg2 Ne7 15. Qd3 Rad8 16. Rfd1 Qg4 17. h3 Qg6 18. Qc4+ Kh8 19. a4 h6 20. Rd2 d5 21. exd5 e4 22. Nh2 Bg5 23. Ng4 Nf5 24. Bxg5 Qxg5 25. Re2 Rxd5 26. Qxe4 Nd6 27. Qc2 Rdf5 28. f4 Qd8 29. Ne5 1-0

[Event "Vilnius Zavanelli Memorial op-A"]
[Site "Vilnius"]
[Date "2018.10.24"]
[Round "4"]
[White "Sokolovsky, Yahli"]
[Black "Krykun, Yuriy"]
[Result "1-0"]
[WhiteElo "2082"]
[BlackElo "2326"]
[PlyCount "66"]
[EventDate "2018.10.22"]
[EventType "swiss"]
[EventRounds "9"]
[EventCountry "LTU"]
[SourceTitle "CBM 187 Extra"]
[Source "ChessBase"]
[SourceDate "2018.11.04"]
[SourceVersion "1"]
[SourceVersionDate "2018.11.04"]
[SourceQuality "1"]

1. e4 e5 2. Nf3 Nc6 3. Bb5 a6 4. Ba4 Nf6 5. d3 d6 6. c3 g6 7. 0-0 Bg7 8. Re1 0-0 9. Nbd2 Re8 10. Nf1 h6 11. Ng3 b5 12. Bb3 Nb8 13. a4 Bb7 14. h4 Nbd7 15. h5 Nxh5 16. Nxh5 gxh5 17. g3 Nc5 18. Bc2 d5 19. Qe2 Qd7 20. Qe3 d4 21. Qe2 f5 22. axb5 fxe4 23. dxe4 d3 24. Qe3 dxc2 25. Qxc5 axb5 26. Rxa8 Bxa8 27. Qe3 Rd8 28. Re2 Qd3 29. Rd2 Bxe4 30. Rxd3 Bxd3 31. Qd2 Rd7 32. Qe1 Bf5 33. Bd2 Be6 1-0